000 00412nam a2200181Ia 4500
001 2178
005 20260306143823.0
008 260306t2016||||xx |||||||||||||| ||spa||
041 _aESP
082 _a616.0019
_bA54
100 _aAmigo Vázquez, Isaac
_eAUT
245 0 _aManual de psicología de la salud
260 _c2016
300 _a
_c
650 _aGEN
654 _aCPS
942 _cLIB
_dJUS
_fJUS
_2ddc
_n
999 _c2178
_d2178